00743nam a2200205Ia 4500003000900000008004100009020001800050040001600068080001200084100002900096245011200125260003900237300001600276650003200292650003100324700002800355942000700383999001700390952013000407IN-BaIIA211028s9999 xx 000 0 eng d a0-486-69193-4 cIIA Library a51bDEN aDennery, Philippe932242 0aMathematics for physicistscPhilippe Dennery and Andre Krzywicki  aNew YorkbDover Publicationsc1996 axiii, 384p. aLinear vector spaces932243 aMathematical physics91525 aKrzywicki, Andre932244 cBK c17119d17119 00104070aBANbBANcGENd2008-12-01eBLA g8407.00l0o51/ DENp18041r2021-11-05v8407.00w2008-12-01yBKGRs. 8407.00